000
00268nam a2200097Ia 4500
008
180219s9999 xx 000 0 und d
100
_a
Domingo, James Christopher
245
_a
Ang finaccasimpleng aklat sa financial accounting /
260
_c
2006
300
_a
595 pages
999
_c
355987
_d
355987